000 00820nam a2200253 4500
001 15814
010 _a9789722366434
021 _b473951/20
090 _a15814
100 _a20201209d2020 m y0pory50030103ba
200 1 _aA balada dos pássaros e das serpentes
_fSuzanne Collins
_gtrad. Jaime Araújo
205 _a1ª ed.
210 9 _aLisboa
_cPresença,
_d2020
215 _a439, [1] p.
_d23 cm
225 2 _aVia láctea)
304 _aTít. orig.: The ballad of songbirds and snakes
675 _a087.5
_vBN
_zpor
675 _a821.111(73)-93"19/20"
_vBN
_zpor
675 _a821.111(73)-31"19/20"
_vBN
_zpor
700 1 _aCollins,
_bSuzanne,
_f1962-
702 1 _aAraújo,
_bJaime
801 0 _aPT
_bBN
_gRPC
856 4 1 _uhttp://rnod.bnportugal.gov.pt/ImagesBN/winlibimg.aspx?skey=&doc=2061016&img=146041&save=true
990 _cLIVROS